| 000 | 00588nam a2200205 u 4500 | ||
|---|---|---|---|
| 005 | 20220905063512.0 | ||
| 008 | 110118s2008 cl r 000 0 spa d | ||
| 020 | _a9789875454811 | ||
| 035 | _aUPN01000179011 | ||
| 049 | _aCG | ||
| 050 | 4 |
_aPQ7798.1 G8.4 _bH6.7 |
|
| 100 | 1 |
_aAguirre, Sergio, _d1961- _931155 |
|
| 245 | 1 | 3 |
_aEl hormiguero / _cSergio Aguirre. |
| 260 |
_aBogotá : _bNorma, _c2008. |
||
| 300 | _a102 p. | ||
| 440 | 0 |
_aTorre de papel amarilla. _pA partir de los 11 años |
|
| 650 | 0 |
_aLiteratura juvenil argentina _912413 |
|
| 650 | 4 |
_aHORMIGAS _910970 |
|
| 905 | _aLibro | ||
| 999 |
_c151114 _d151114 |
||